<?xml version="1.0" encoding="UTF-8"?>
<record
    xmlns:xsi="http://www.w3.org/2001/XMLSchema-instance"
    xsi:schemaLocation="http://www.loc.gov/MARC21/slim http://www.loc.gov/standards/marcxml/schema/MARC21slim.xsd"
    xmlns="http://www.loc.gov/MARC21/slim">

  <leader>03811cam a22004454i 4500</leader>
  <controlfield tag="003">PE-LiUPU</controlfield>
  <controlfield tag="005">20250731165417.0</controlfield>
  <controlfield tag="008">151209s2013    pe a   grm    000 0 spa d</controlfield>
  <datafield tag="035" ind1=" " ind2=" ">
    <subfield code="a">(Sirsi) a155436</subfield>
  </datafield>
  <datafield tag="040" ind1=" " ind2=" ">
    <subfield code="a">PE-LiUPU</subfield>
    <subfield code="b">spa</subfield>
    <subfield code="c">PE-LiUPU</subfield>
    <subfield code="e">rda</subfield>
  </datafield>
  <datafield tag="099" ind1=" " ind2=" ">
    <subfield code="a">TF 3</subfield>
    <subfield code="b">B31 2013</subfield>
  </datafield>
  <datafield tag="100" ind1="1" ind2=" ">
    <subfield code="a">Becerra Malca, Magna,</subfield>
    <subfield code="e">autor</subfield>
  </datafield>
  <datafield tag="245" ind1="1" ind2=" ">
    <subfield code="a">Propuesta de aplicaci&#xF3;n de los modelos de terapia estructural y terapia breve centrada en las soluciones en un caso de infidelidad conyugal /</subfield>
    <subfield code="c">Magna Becerra Malca.</subfield>
  </datafield>
  <datafield tag="264" ind1=" " ind2="0">
    <subfield code="c">2013.</subfield>
  </datafield>
  <datafield tag="300" ind1=" " ind2=" ">
    <subfield code="a">225 hojas : </subfield>
    <subfield code="b">ilustraciones;</subfield>
    <subfield code="c">30 cm</subfield>
  </datafield>
  <datafield tag="336" ind1=" " ind2=" ">
    <subfield code="a">text</subfield>
    <subfield code="2">rdacontent</subfield>
  </datafield>
  <datafield tag="337" ind1=" " ind2=" ">
    <subfield code="a">unmediated</subfield>
    <subfield code="2">rdamedia</subfield>
  </datafield>
  <datafield tag="338" ind1=" " ind2=" ">
    <subfield code="a">volume</subfield>
    <subfield code="2">rdacarrier</subfield>
  </datafield>
  <datafield tag="502" ind1=" " ind2=" ">
    <subfield code="a">Tesis</subfield>
    <subfield code="b">(Mg.) -- </subfield>
    <subfield code="c">Universidad Peruana Uni&#xF3;n,</subfield>
    <subfield code="d">2013.</subfield>
  </datafield>
  <datafield tag="504" ind1=" " ind2=" ">
    <subfield code="a">Incluye referencias</subfield>
  </datafield>
  <datafield tag="520" ind1="3" ind2=" ">
    <subfield code="a">La presente investigaci&#xF3;n corresponde a un estudio de tipo cualitativo. La metodolog&#xED;a usada fue el estudio de caso. El objetivo de la investigaci&#xF3;n  fue determinar los resultados de la aplicaci&#xF3;n de los modelos de Terapia Estructural y Terapia Breve centrada en soluciones . El caso elegido fue de infidelidad coyugal, en el a&#xF1;o 2012. El caso fue de car&#xE1;cter experimental. Se investig&#xF3; el problema de infidelidad coyugal y los modelos de abordaje para tal caso. El estudio se llev&#xF3; a cabo en Miraflores, lugar de trabajo de la investigadora, donde se realiz&#xF3; la evaluaci&#xF3;n y la intervenci&#xF3;n terap&#xE9;utica a los c&#xF3;nyuges y a sus tres hijos, y se llev&#xF3; a cabo en ocho sesiones, en un tiempo aproximado de ocho meses. La recolecci&#xF3;n de datos, se hizo usando b&#xE1;sicamente la entrevista semi-estructurada y la observaci&#xF3;n participante de las interacciones y de la din&#xE1;mica de todo el sistema familiar. Despu&#xE9;s de finalizar cada sesi&#xF3;n, se organiz&#xF3;, analiz&#xF3;, interpret&#xF3; y sistematiz&#xF3;, toda la informaci&#xF3;n recogida, a trav&#xE9;s de las notas tomadas durante las sesiones y las transcripciones de las entrevistas y de las grabaciones de cada una de las sesiones. Las intervenciones terap&#xE9;uticas fueron programadas, para ambos c&#xF3;nyuges, algunas por separado, otras s&#xF3;lo con los hijos, y otras con toda la familia. A trav&#xE9;s de las intervenciones terap&#xE9;uticas, usando las t&#xE9;cnicas de los modelos de Terapia Estructural y Terapia Breve Centrada en las Soluciones, se busc&#xF3; reorganizar el sistema conyugal y familiar, establecer pautas de interacci&#xF3;n funcionales restablecer la confianza y el respeto que se hab&#xED;a perdido en el subsistema conyugal, y luego motivar y reafirmar los cambios a trav&#xE9;s de las tareas o prescripciones despu&#xE9;s de cada entrevista. En cada sesi&#xF3;n de terapia, se busc&#xF3; exteriorizar o drenar la ira acumulada en cada c&#xF3;nyuge con el prop&#xF3;sito de restaurar una comunicaci&#xF3;n m&#xE1;s funcional y llevarlos a vivir el perd&#xF3;n como decisi&#xF3;n y proceso. La aplicaci&#xF3;n de las t&#xE9;cnicas de Terapia Estructural y Terapia Breve Centrada en las Soluciones, para tratar el caso de infidelidad conyugal, dio buenos resultados, logr&#xE1;ndose que el sistema familiar se perdone, se reorganice, se restructure y se abandone las pautas de interacci&#xF3;n r&#xED;gidas, sustituy&#xE9;ndolas por otras m&#xE1;s flexibles y funcionales. Finalmente, le permiti&#xF3; a la familia encontrar recursos y estrategias para vivir como una familia funcional y competente.</subfield>
  </datafield>
  <datafield tag="526" ind1=" " ind2=" ">
    <subfield code="a">SEG44</subfield>
  </datafield>
  <datafield tag="526" ind1=" " ind2=" ">
    <subfield code="a">SEG26</subfield>
  </datafield>
  <datafield tag="526" ind1=" " ind2=" ">
    <subfield code="a">P151</subfield>
  </datafield>
  <datafield tag="526" ind1=" " ind2=" ">
    <subfield code="a">P150</subfield>
  </datafield>
  <datafield tag="526" ind1=" " ind2=" ">
    <subfield code="a">P149</subfield>
  </datafield>
  <datafield tag="526" ind1=" " ind2=" ">
    <subfield code="a">P146</subfield>
  </datafield>
  <datafield tag="526" ind1=" " ind2=" ">
    <subfield code="a">P145</subfield>
  </datafield>
  <datafield tag="526" ind1=" " ind2=" ">
    <subfield code="a">P126</subfield>
  </datafield>
  <datafield tag="526" ind1=" " ind2=" ">
    <subfield code="a">P125</subfield>
  </datafield>
  <datafield tag="526" ind1=" " ind2=" ">
    <subfield code="a">P92</subfield>
  </datafield>
  <datafield tag="526" ind1=" " ind2=" ">
    <subfield code="a">P75</subfield>
  </datafield>
  <datafield tag="526" ind1=" " ind2=" ">
    <subfield code="a">P74</subfield>
  </datafield>
  <datafield tag="526" ind1=" " ind2=" ">
    <subfield code="a">P27</subfield>
  </datafield>
  <datafield tag="526" ind1=" " ind2=" ">
    <subfield code="a">P15</subfield>
  </datafield>
  <datafield tag="650" ind1="0" ind2="4">
    <subfield code="a">Adulterio</subfield>
    <subfield code="x">Psicoterapia familiar.</subfield>
  </datafield>
  <datafield tag="596" ind1=" " ind2=" ">
    <subfield code="a">1</subfield>
  </datafield>
  <datafield tag="942" ind1=" " ind2=" ">
    <subfield code="2">ddc</subfield>
    <subfield code="c">TESIS</subfield>
  </datafield>
  <datafield tag="999" ind1=" " ind2=" ">
    <subfield code="a">TF 3 B31 2013</subfield>
    <subfield code="w">ALPHANUM</subfield>
    <subfield code="c">8115</subfield>
    <subfield code="i">T01379</subfield>
    <subfield code="l">CCODEBUL3</subfield>
    <subfield code="m">BUL</subfield>
    <subfield code="r">1</subfield>
    <subfield code="s">Y</subfield>
    <subfield code="t">TESIS</subfield>
    <subfield code="u">2015-12-9</subfield>
    <subfield code="x">POSGRADO</subfield>
    <subfield code="P">P54</subfield>
    <subfield code="o">.STAFF. Tesis</subfield>
    <subfield code="d">8115</subfield>
  </datafield>
  <datafield tag="980" ind1=" " ind2=" ">
    <subfield code="8">1</subfield>
    <subfield code="g">ALBERTO SANCHEZ Responsable de Automatizaci&#xF3;n</subfield>
  </datafield>
  <datafield tag="952" ind1=" " ind2=" ">
    <subfield code="r">2022-07-06 00:00:00</subfield>
    <subfield code="l">0</subfield>
    <subfield code="o">TF 3 B31 2013</subfield>
    <subfield code="p">T01379</subfield>
    <subfield code="t">e1</subfield>
    <subfield code="w">2015-12-09</subfield>
    <subfield code="x">PG</subfield>
    <subfield code="y">TESIS</subfield>
    <subfield code="z">Este &#xCD;tem NO se presta por ser Ejemplar #1.</subfield>
    <subfield code="1">0</subfield>
    <subfield code="2">ddc</subfield>
    <subfield code="7">1</subfield>
    <subfield code="8">TESIS</subfield>
    <subfield code="f">P54</subfield>
    <subfield code="a">BUL</subfield>
    <subfield code="b">BUL</subfield>
    <subfield code="c">TESIS</subfield>
    <subfield code="d">2015-12-09</subfield>
  </datafield>
</record>
